000 00497nam a2200181 a 4500
001 13348
003 CO-ViMGA
008 141112s2004 ck r 000 u spa d
020 _a8425333342
040 _aCO-ViMGA
_bspa
_cCO-ViMGA
082 0 4 _a301 B774s
100 1 _aBriggs, Peat F.D.
_919547
245 1 0 _aLas siete leyes del caos :
_blas ventajas de una vida caotica
260 _aBarcelona :
_bGrijalbo,
_c1999
300 _a234
650 1 4 _aFILOSOFIA DE LA CIENCIA
_915341
942 _2ddc
_cBK
999 _c24095
_d24095